Planovo stopanstvo i statistika
Na minha lista:
| Formato: | Periódico |
|---|---|
| Idioma: | búlgaro |
| Publicado em: |
Sofija
Daržavna planova komisija
1964
|
| Tags: |
Sem tags, seja o primeiro a adicionar uma tag!
|
MARC
| LEADER | 00000nas2a2200000$$$4500 | ||
|---|---|---|---|
| 001 | 0011039 | ||
| 005 | 20250730114259.2 | ||
| 041 | 0 | |a bul | |
| 044 | |a BG | ||
| 245 | 1 | 0 | |a Planovo stopanstvo i statistika |
| 264 | 1 | |a Sofija |b Daržavna planova komisija |c 1964 | |
| 300 | |a 1 zv. | ||
| 773 | 0 | |w eu_un_cat*0011027 | |